000 00290nam a22001337a 4500
008 170405b xxu||||| |||| 00| 0 eng d
020 _a0387904468
041 _aeng
080 _a574
100 _a9
101 _aSHM
245 _aSAMPLING METHODS IN ETNOMOLY
_cKOGAN,M
942 _2udc
_cBK
999 _c9884
_d9884